Κατάλογος Βιβλιοθηκών Mediterranean College

Διεθνής Οικονομική. (Record no. 2932)

MARC details
000 -LEADER
fixed length control field 01939cam a22002174a 4500
005 - ΗΜΕΡΟΜΗΝΙΑ ΚΑΙ ΩΡΑ ΤΕΛΕΥΤΑΙΑΣ ΕΝΗΜΕΡΩΣΗΣ
Πεδίο ελέγχου 20250605164058.0
008 - FIXED-LENGTH DATA ELEMENTS--GENERAL INFORMATION
Πεδίο ελέγχου σταθερού μήκους 250528s ||||||||||||||||||||||||d
035 ## - SYSTEM CONTROL NUMBER
System control number 17524
020 ## - ISBN
ISBN 9600213658
040 ## - ΠΗΓΗ ΚΑΤΑΛΟΓΟΓΡΑΦΗΣΗΣ
Φορέας πρωτότυπης καταλογογράφησης MC Athens Campus Library
Γλώσσα καταλογογράφησης Ελληνικά, Μοντέρνα (1453-)
Modifying agency MC Athens Campus Library
Κανόνες περιγραφικής καταλογογράφησης AACR2
245 1# - ΤΙΤΛΟΣ ΚΑΙ ΔΗΛΩΣΗ ΥΠΕΥΘΥΝΟΤΗΤΑΣ
Τίτλος Διεθνής Οικονομική.
Number of part/section of a work Τόμος Πρώτος
260 ## - PUBLICATION, DISTRIBUTION, ETC.
Name of publisher, distributor, etc. Παπαζήση,
Date of publication, distribution, etc. 1999
300 ## - PHYSICAL DESCRIPTION
Extent 488
520 ## - SUMMARY, ETC.
Summary, etc. Εισαγωγή, Το Κράτος ως Οικονομική Μονάδα, Θεωρία και Πολιτική του Διεθνούς Εμπορίου, Συγκριτικό Πλεονέκτημα εκ του Εμπορίου, Οικονομική Αποτελεσματικότητα και Συγκριτικό Πλεονέκτημα, Προίκιση Παραγωγικών Συντελεστών και Συγκριτικό Πλεονέκτημα, Προίκιση Παραγωγικών Συντελεστών και Συγκριτικό Πλεονέκτημα, Υποκατάσταση Παραγωγικών Συντελεστών και ένα Τροποποιημένο Μοντέλο του Ricardo, Υποκατάσταση Παραγωγικών Συντελεστών και το Μοντέλο των Heckscher-Ohlin, Ατελής Ανταγωνισμός και Διεθνές Εμπόριο, Εμπόριο και Μετακινήσεις Παραγωγικών Συντελεστών, Εργαλεία και Χρήσεις της Πολιτικής Εμπορίου, Η Εξέλιξη της Πολιτικής Εμπορίου, Το Μέλλον του Εμπορικού Συστήματος, Περίληψη, Προτεινόμενη Μελέτη, Ερωτήσεις και Προβλήματα.
700 1# - ΠΡΟΣΘΕΤΗ ΑΝΑΓΡΑΦΗ--ΦΥΣΙΚΟ ΠΡΟΣΩΠΟ
Personal name Kenen Peter B
9 (RLIN) 3668
700 1# - ΠΡΟΣΘΕΤΗ ΑΝΑΓΡΑΦΗ--ΦΥΣΙΚΟ ΠΡΟΣΩΠΟ
Personal name Πελαγίδης Θεόδωρος Κ
9 (RLIN) 3669
700 1# - ΠΡΟΣΘΕΤΗ ΑΝΑΓΡΑΦΗ--ΦΥΣΙΚΟ ΠΡΟΣΩΠΟ
Personal name Πολυχρονόπουλος Γεώργιος
9 (RLIN) 3670
942 ## - ADDED ENTRY ELEMENTS (KOHA)
Koha item type Books
Holdings
Τύπος τεκμηρίου Βιβλιοθήκη Τρέχουσα τοποθεσία Barcode Αριθμός εισαγωγής Ημερομηνία απόκτησης Ταξιθετικό σύμβολο Αριθμός αντιτύπου Κατάσταση απόσυρσης Κατάσταση χαμένου Κατάσταση κατεστραμμένου Μη δανεισμός Σύνολο δανεισμών Ημερομηνία τελευταίας εμφάνισης Η τιμή ισχύει από
Books MC Athens Campus Library MC Athens Campus Library 9780000029317 5811 05/06/2025 337 KEN V.1 1           05/06/2025 05/06/2025

MC Athens Campus Library
Πατησίων 94 & Κοδριγκτώνος 13, 104 34
Πελλήνης 8 & Πατησίων 107, 112 51
Τ: +30 210 8899600

MC Thessaloniki Campus Library
Ίωνος Δραγούμη 21, 54625 | Ίωνος Δραγούμη 15, 54625
Τ: +30 2310 287779 – Τ: +30 2314 440300